000
00317nam a2200145Ia 4500
100
_a
Wu/ Fredrick H
942
_c
BK
654
_a
Information System
245
_a
Accounting Information System
260
_b
McGraw Hill
_a
Auckland
_c
1984
082
_a
657
_b
Wu
300
_a
605
546
_a
ENGLISH
999
_c
20724
_d
20724